<?xml version="1.0" encoding="UTF-8"?>
<record
    xmlns:xsi="http://www.w3.org/2001/XMLSchema-instance"
    xsi:schemaLocation="http://www.loc.gov/MARC21/slim http://www.loc.gov/standards/marcxml/schema/MARC21slim.xsd"
    xmlns="http://www.loc.gov/MARC21/slim">

  <leader>01109cam a2200301 a 4500</leader>
  <controlfield tag="001">490422</controlfield>
  <controlfield tag="003">OSt</controlfield>
  <controlfield tag="005">20211229092549.0</controlfield>
  <controlfield tag="008">840823s1984    hu a     b    100 0 eng  </controlfield>
  <datafield tag="010" ind1=" " ind2=" ">
    <subfield code="a">   84204278 </subfield>
  </datafield>
  <datafield tag="020" ind1=" " ind2=" ">
    <subfield code="a">9630537001 (set)</subfield>
  </datafield>
  <datafield tag="020" ind1=" " ind2=" ">
    <subfield code="a">9630538628 (v. 1)</subfield>
  </datafield>
  <datafield tag="020" ind1=" " ind2=" ">
    <subfield code="a">9630538636 (v. 2)</subfield>
  </datafield>
  <datafield tag="040" ind1=" " ind2=" ">
    <subfield code="a">DLC</subfield>
    <subfield code="c">HU</subfield>
    <subfield code="d">DLC</subfield>
  </datafield>
  <datafield tag="050" ind1="0" ind2="0">
    <subfield code="a">QH84.8</subfield>
    <subfield code="b">.S636 1984</subfield>
  </datafield>
  <datafield tag="082" ind1="0" ind2="0">
    <subfield code="a">631.4/6</subfield>
    <subfield code="2">19</subfield>
  </datafield>
  <datafield tag="245" ind1="0" ind2="0">
    <subfield code="a">Soil biology and conservation of the biosphere /</subfield>
    <subfield code="c">edited by J. Szegi.</subfield>
  </datafield>
  <datafield tag="260" ind1=" " ind2=" ">
    <subfield code="a">Budapest :</subfield>
    <subfield code="b">Akad&#xE9;miai Kiad&#xF3;,</subfield>
    <subfield code="c">1984.</subfield>
  </datafield>
  <datafield tag="300" ind1=" " ind2=" ">
    <subfield code="a">2 v. :</subfield>
    <subfield code="b">ill. ;</subfield>
    <subfield code="c">25 cm.</subfield>
  </datafield>
  <datafield tag="500" ind1=" " ind2=" ">
    <subfield code="a">"Proceedings of the 8th meeting of the Soil Biology Section of the Hungarian Society for Soil Science, G&#xF6;d&#xF6;ll&#x14D;, 26-28 August, 1981"--Verso t.p.</subfield>
  </datafield>
  <datafield tag="504" ind1=" " ind2=" ">
    <subfield code="a">Includes bibliographies.</subfield>
  </datafield>
  <datafield tag="650" ind1=" " ind2="0">
    <subfield code="a">Soil biology</subfield>
    <subfield code="x">Congresses.</subfield>
    <subfield code="9">25883</subfield>
  </datafield>
  <datafield tag="650" ind1=" " ind2="0">
    <subfield code="a">Soil conservation</subfield>
    <subfield code="x">Congresses.</subfield>
    <subfield code="9">17514</subfield>
  </datafield>
  <datafield tag="700" ind1="1" ind2=" ">
    <subfield code="a">Szegi, J.</subfield>
    <subfield code="9">25884</subfield>
  </datafield>
  <datafield tag="710" ind1="2" ind2=" ">
    <subfield code="a">Magyar Agr&#xE1;rtudom&#xE1;nyi Egyes&#xFC;let.</subfield>
    <subfield code="b">Society for Soil Science.</subfield>
    <subfield code="b">Soil Biology Section.</subfield>
    <subfield code="9">25885</subfield>
  </datafield>
  <datafield tag="906" ind1=" " ind2=" ">
    <subfield code="a">7</subfield>
    <subfield code="b">cbc</subfield>
    <subfield code="c">orignew</subfield>
    <subfield code="d">2</subfield>
    <subfield code="e">ncip</subfield>
    <subfield code="f">19</subfield>
    <subfield code="g">y-gencatlg</subfield>
  </datafield>
  <datafield tag="942" ind1=" " ind2=" ">
    <subfield code="2">ddc</subfield>
    <subfield code="c">BOOKS</subfield>
    <subfield code="n">0</subfield>
  </datafield>
  <datafield tag="999" ind1=" " ind2=" ">
    <subfield code="c">24802</subfield>
    <subfield code="d">24802</subfield>
  </datafield>
  <datafield tag="952" ind1=" " ind2=" ">
    <subfield code="0">0</subfield>
    <subfield code="1">0</subfield>
    <subfield code="2">ddc</subfield>
    <subfield code="4">0</subfield>
    <subfield code="7">0</subfield>
    <subfield code="8">REF</subfield>
    <subfield code="a">004</subfield>
    <subfield code="b">004</subfield>
    <subfield code="c">GEN</subfield>
    <subfield code="d">2021-12-29</subfield>
    <subfield code="l">0</subfield>
    <subfield code="o">631.4/6 SOI 1984 </subfield>
    <subfield code="p">WGCFNRL00009841</subfield>
    <subfield code="r">2021-12-29 00:00:00</subfield>
    <subfield code="t">1</subfield>
    <subfield code="w">2021-12-29</subfield>
    <subfield code="y">BOOKS</subfield>
  </datafield>
  <datafield tag="952" ind1=" " ind2=" ">
    <subfield code="0">0</subfield>
    <subfield code="1">0</subfield>
    <subfield code="2">ddc</subfield>
    <subfield code="4">0</subfield>
    <subfield code="7">0</subfield>
    <subfield code="8">REF</subfield>
    <subfield code="a">004</subfield>
    <subfield code="b">004</subfield>
    <subfield code="c">GEN</subfield>
    <subfield code="d">2022-01-10</subfield>
    <subfield code="l">0</subfield>
    <subfield code="o">631.4/6 SOI 1984</subfield>
    <subfield code="p">WGCFNRL00010108</subfield>
    <subfield code="r">2022-01-10 00:00:00</subfield>
    <subfield code="t">2</subfield>
    <subfield code="w">2022-01-10</subfield>
    <subfield code="y">BOOKS</subfield>
  </datafield>
</record>
